الموسيقى الشرقية والغناء العربي مع السيرة الذاتية للفنان عبده الحمولي / (Record no. 24964)

MARC details
000 -الفاتح
حقل البيانات ثابتة الطول 01352nam a22003375a 4500
003 - محدد رقم الضبط
رقم الضبط EG-ScBUE
005 - وقت وتاريخ اخر تعامل مع التسجيلة
رقم الضبط 20221116052147.0
008 - عناصر البيانات ثابتة الطول - معلومات عامة
حقل البيانات ثابتة الطول 170703s2000 ua go f 000 0bara d
017 ## - رقم الإيداع القانونى
رقم الإيداع القانونى 1999 / 13971
020 ## - الرقم الدولى المعيارى للكتب
الرقم الدولى المعيارى للكتاب 9772082845
040 ## - مصدر الفهرسة
وكالة الفهرسة الأصلية EG-ScBUE
لغة الفهرسة ara
قواعد الوصف rda
وكالة النسخ EG-ScBUE
وكالة التعديل EG-ScBUE
043 ## - رمز المنطقة الجغرافية
رمز المنطقة الجغرافية ma-----
082 04 - رقم تصنيف ديوى العشرى
رقم التصنيف 780.956
رقم المادة ر ز ق
رقم الطبعة 22
100 1# - المدخل الرئيسى - إسم شخصى
الإسم الشخصى رزق، قسطندي،
الدور مؤلف.
245 12 - بيان العنوان
العنوان الموسيقى الشرقية والغناء العربي مع السيرة الذاتية للفنان عبده الحمولي /
بيان المسئوليه,etc تأليف قسطندي رزق.
246 30 - العنوان الموازى
عنوان صحيح/عنوان مختصر السيرة الذاتية للفنان عبده الحمولي
250 ## - بيان الطبعة
بيان الطبعة الطبعة الثانية.
264 #1 - النشر، التوزيع
مكان الناشر او الموزع القاهرة :
اسم الناشر او الموزع مكتبة مدبولي،
تاريخ النشر أو التوزيع 2000.
300 ## - الوصف المادى
التعداد 160 صفحة :
تفاصيل ماديه اخرى للوعاء صور، نوتات موسيقية ؛
أبعاد الوعاء 24 سم.
490 0# - بيان السلسلة
عنوان السلسلة صفحات من تاريخ مصر ؛
رقم المجلد/ التعيين التسلسلي 44
500 ## - تبصرة عامة
تبصرة عامة الطبعة الأولى عام 1936 م.
600 07 - المدخل الاضافى بالموضوع-اسم شخصى
الإسم الشخصى عبده الحمولي،
التواريخ المصاحبة للاسم 1841-1901.
مصدر الرأس أو المصطلح BUEsh
650 #7 - المدخل الاضافى بالموضوع-مصطلح موضوعى
مصطلح موضوعي أو اسم جغرافي كعنصر مدخل العرب
التقسيم الفرعي الشكلي موسيقى
مصدر الرأس أو المصطلح BUEsh
650 #7 - المدخل الاضافى بالموضوع-مصطلح موضوعى
مصطلح موضوعي أو اسم جغرافي كعنصر مدخل الغناء
التقسيم الفرعي الجغرافي البلاد العربية.
مصدر الرأس أو المصطلح BUEsh
650 #7 - المدخل الاضافى بالموضوع-مصطلح موضوعى
مصطلح موضوعي أو اسم جغرافي كعنصر مدخل الموسيقى الشرقية.
مصدر الرأس أو المصطلح BUEsh
650 #7 - المدخل الاضافى بالموضوع-مصطلح موضوعى
مصطلح موضوعي أو اسم جغرافي كعنصر مدخل الموسيقيون العرب
التقسيم الفرعي الشكلي تراجم.
مصدر الرأس أو المصطلح BUEsh
651 ## - المدخل الاضافى بالموضوع - اسم جغرافى
مصدر الرأس أو المصطلح BUEsh
653 ## - مصطلح تكشيفى غير مقيد
Resource For college Generalities
Arrived date list July2017
655 ## - مصطلح تكشيفى-نوع/شكل
التقسيم الفرعي الشكلي Reading book
942 ## - عناصر المدخل الإضافي( كوها)
مصدر التصنيف او مخطط الترفيف Dewey Decimal Classification
Holdings
حالة التراجع حالة الفقد مصدر التصنيف او خطة الترفيف حالة تلف ليس للاعارة مجموعات كوها المكان الدائم المكان الحالي موقع الترفيف تاريخ الاكتساب Source of acquisition تعداد مسلسل / التسلسل الزمني رقم الاستدعاء الباركود Date last seen نوع الوعاء
    Dewey Decimal Classification     Madboly Central Library Central Library Second Floor 03/07/2017 Purchase 04183 780.956 ر ز ق 000046147 15/07/2025 Book - Borrowing